Case studies in financial analysis

Αποθηκεύτηκε σε:
Λεπτομέρειες βιβλιογραφικής εγγραφής
Άλλοι συγγραφείς: Barnes, Paul (Επιμελητής έκδοσης)
Μορφή: Βιβλίο
Γλώσσα:English
Δημοσίευση: New York, London : Philip Allan, 1989
Θέματα:
Ετικέτες: Προσθήκη ετικέτας
Δεν υπάρχουν, Καταχωρήστε ετικέτα πρώτοι!

MARC

LEADER 00000nam a2200000 i 4500
001 1/42489
008 960209s1989 eng d
020 |a 0-86003-571-9 
035 |l 10025601 
040 |a GR-MY-UA  |b gre  |e aacr 
041 0 |a eng 
082 0 |a 658.151 
245 1 0 |a Case studies in financial analysis /  |c Edited by:Paul Barnes 
260 |a New York, London :   |b Philip Allan,   |c 1989 
300 |a 250 p. 
650 0 0 |a Finance. 
650 0 0 |a Business enterprises  |x Finance. 
700 1 |a Barnes, Paul.  |4 edt 
852 |a INST  |b CHIOS  |e 19960209  |h 658.151 BAR  |p 005200002217  |q 005200002217  |t BK  |y 0 
909 |a Χ  |b 031169